<?xml version="1.0" encoding="UTF-8"?>
<marc:record xmlns:marc="http://www.loc.gov/MARC21/slim">
   <marc:leader>00000nam a2200000 a 4500</marc:leader>
   <marc:datafield ind1="1" ind2=" " tag="100">
      <marc:subfield code="a">Murphy, Samantha</marc:subfield>
      <marc:subfield code="4">aut</marc:subfield>
      <marc:subfield code="e">Verfasser/-in</marc:subfield>
   </marc:datafield>
   <marc:datafield ind1=" " ind2=" " tag="653">
      <marc:subfield code="a">Paperback</marc:subfield>
   </marc:datafield>
   <marc:datafield ind1=" " ind2=" " tag="653">
      <marc:subfield code="a">Laufen</marc:subfield>
   </marc:datafield>
   <marc:datafield ind1=" " ind2=" " tag="653">
      <marc:subfield code="a">Joggen</marc:subfield>
   </marc:datafield>
   <marc:datafield ind1="0" ind2="0" tag="245">
      <marc:subfield code="a">Lauf Guide speziell für Frauen</marc:subfield>
   </marc:datafield>
   <marc:datafield ind1="0" ind2="0" tag="245">
      <marc:subfield code="b">for fitness, for fun, for you</marc:subfield>
   </marc:datafield>
   <marc:datafield ind1=" " ind2="1" tag="264">
      <marc:subfield code="b">BLV</marc:subfield>
      <marc:subfield code="c">2003</marc:subfield>
   </marc:datafield>
   <marc:datafield ind1="1" ind2=" " tag="520">
      <marc:subfield code="a">Laufen kann zur Verbesserung der Lebensqualität beitragen: Technik, Ausrüstung und Ernährung - Informationen speziell für Frauen, die endlich anfangen oder nach familienbedingter oder beruflicher Pause wieder einsteigen wollen. Es gibt reichlich gute Gründe zu laufen - und reichlich gute Laufbücher. Hier möchte die britische Autorin nach eigenem Erleben ihre Leserinnen animieren, auf diese Weise ihre Lebensqualität zu verbessern. Sie gibt Anleitungen und Extratipps für Neu- und Wiedereinsteigerinnen zu Technik, Laufschuhen, Ausrüstung, Ernährung, Verletzungsprophylaxe, Crosstraining. Laufen während der Schwangerschaft und nach der Menopause werden ebenso angesprochen wie die Möglichkeiten in der Gruppe zu laufen oder einen Marathon in Angriff zu nehmen. Auf spezielle Trainingspläne wurde verzichtet, da nach Murphys Meinung frau ihren individuellen Rhythmus finden sollte. Gut verständlich und flott geschrieben, mit ansprechendem Layout und schönen Fotos versehen. Im Anhang: Adressen, Register, Glossar.</marc:subfield>
   </marc:datafield>
   <marc:datafield ind1=" " ind2=" " tag="020">
      <marc:subfield code="a">9783405167165</marc:subfield>
      <marc:subfield code="9">9783405167165</marc:subfield>
   </marc:datafield>
</marc:record>
